000 00238nam a22001217a 4500
040 _cSK
082 _a657
100 _aSIEM MONILEAK
245 _aFinancial accounting
260 _aPhnom Penh
_bSIE
_c1996
300 _a128p.
942 _cKB
999 _c9637
_d9637